[Event "Malaysian Masters Women 2013"]
[Site "Kuala Lumpur MAS"]
[Date "2013.06.23"]
[Round "2.4"]
[White "Azhar,Puteri Rifqah Fahada"]
[Black "Nithyalakshmi,Sivanesan"]
[Result "1-0"]
[WhiteElo "1855"]
[BlackElo "1684"]

1.Nf3 Nf6 2.c4 g6 3.g3 Bg7 4.Bg2 O-O 5.Nc3 d6 6.Qc2 e5 7.d3 Nc6 8.a3 a5 9.O-O Nh5
10.Bg5 f6 11.Bd2 f5 12.Ng5 Ne7 13.Qb3 c6 14.c5+ d5 15.e4 h6 16.exd5 hxg5
17.dxc6+ Kh7 18.cxb7 Rb8 19.bxc8=Q Qxc8 20.Qc2 Qxc5 21.Bxg5 Nc6 22.Bxc6 Qxc6
23.Rab1 Qd7 24.h3 f4 25.Kh2 Qf5 26.Ne4 Qe6 27.g4 Nf6 28.Bxf6 Bxf6 29.Qc4 Qd7
30.Rfc1 Bg7 31.Ng5+ Kh6 32.Ne6 Rfc8 33.Qa2 Qxd3 34.Nxg7 Kxg7 35.Qe6 Qd4 36.Qe7+ Kh8
37.Qf6+ Kh7 38.Qf7+ Kh6 39.g5+ Kxg5 40.Rg1+  1-0

[Event "3rd Big Slick IM"]
[Site "Purley ENG"]
[Date "2013.06.24"]
[Round "3"]
[White "McClement,A"]
[Black "Merry,Alan B"]
[Result "0-1"]
[WhiteElo "2169"]
[BlackElo "2237"]

1.Nf3 Nf6 2.c4 g6 3.g3 Bg7 4.Bg2 O-O 5.O-O d6 6.Nc3 e5 7.d3 Nc6 8.Rb1 a5
9.a3 Re8 10.Bg5 h6 11.Bxf6 Bxf6 12.b4 Bg7 13.b5 Ne7 14.Qc2 Be6 15.Nd2 Rb8
16.b6 c6 17.Na4 Ra8 18.c5 d5 19.Nb3 f5 20.Qd2 Ra6 21.d4 e4 22.f4 exf3 23.exf3 g5
24.Rfe1 Ng6 25.Rbd1 Qf6 26.Qc3 h5 27.Bf1 Raa8 28.h3 Re7 29.Rd2 Rf8  0-1

[Event "Geneva Open A 2013"]
[Site "Geneva SUI"]
[Date "2013.06.26"]
[Round "4.5"]
[White "Skouvaklis,A"]
[Black "Midoux,S"]
[Result "1-0"]
[WhiteElo "2166"]
[BlackElo "2329"]

1.c4 Nf6 2.Nf3 g6 3.g3 Bg7 4.Bg2 O-O 5.O-O d6 6.d4 Nbd7 7.Nc3 e5 8.e4 exd4
9.Nxd4 Re8 10.h3 a6 11.Re1 Rb8 12.Rb1 Ne5 13.b3 Bd7 14.Nd5 c5 15.Nxf6+ Qxf6
16.Nc2 b5 17.Bb2 g5 18.Ne3 Qh6 19.Nf5 Bxf5 20.exf5 bxc4 21.bxc4 Nxc4 22.Rxe8+ Rxe8
23.Bxg7 Qxg7 24.Qa4  1-0

[Event "TCh-MNE Prem 2013"]
[Site "Cetinje MNE"]
[Date "2013.06.28"]
[Round "5.1"]
[White "Bogosavljevic,B"]
[Black "Sedlak,N"]
[Result "1/2-1/2"]
[WhiteElo "2548"]
[BlackElo "2571"]

1.Nf3 Nf6 2.c4 g6 3.g3 Bg7 4.Bg2 O-O 5.O-O d6 6.d4 Nc6 7.d5 Na5 8.Nfd2 c5
9.Nc3 a6 10.Qc2 Rb8 11.b3 b5 12.Bb2 e5 13.Rae1 Ne8 14.e4 f5 15.exf5 gxf5
16.Nd1 Rb7 17.f4 e4 18.Bxg7 Rxg7 19.Ne3 Nb7 20.Qc3 b4 21.Qb2 h5 22.Re2 Qf6  1/2-1/2

[Event "4th Kiryat Ono Open A"]
[Site "Kiryat Ono ISR"]
[Date "2013.07.01"]
[Round "2.3"]
[White "Gindi,S"]
[Black "Gruenfeld,Y"]
[Result "0-1"]
[WhiteElo "2278"]
[BlackElo "2445"]

1.Nf3 Nf6 2.c4 g6 3.g3 Bg7 4.Bg2 O-O 5.Nc3 Nc6 6.d4 d6 7.O-O a6 8.Qd3 e5
9.dxe5 dxe5 10.Qxd8 Rxd8 11.Bg5 Be6 12.Nd2 h6 13.Bxf6 Rxd2 14.Bxg7 Kxg7 15.Bxc6 bxc6
16.b3 Rad8 17.Rfd1 R8d6 18.Rxd2 Rxd2 19.Kf1 Rc2 20.Na4 e4 21.Nc5 Bh3+ 22.Ke1 e3
23.Nxa6 exf2+ 24.Kxf2 Bg4 25.Ke3 Rxe2+ 26.Kd4 Rxh2 27.a4 Rg2 28.a5 Rxg3 29.b4 Be2
30.Rc1 h5 31.Nxc7 h4 32.a6 Ra3 33.Rh1 g5 34.Kc5 Kg6 35.Kb6 Bxc4 36.a7 Ra4
37.a8=Q Rxa8 38.Nxa8 Bd5 39.Rh2 Kh5 40.Nc7 Bf3 41.b5 g4 42.Rf2 cxb5 43.Nxb5 g3
44.Ra2 g2 45.Ra1 h3 46.Nd4 Kg4 47.Nc2 Kf4 48.Ne1 g1=Q+  0-1

[Event "4th ch-Vojvodina Int"]
[Site "Novi Sad SRB"]
[Date "2013.07.01"]
[Round "6.9"]
[White "Pucarevic,M"]
[Black "Peovic,M"]
[Result "1-0"]
[WhiteElo "2221"]
[BlackElo "2264"]

1.Nf3 Nf6 2.c4 g6 3.g3 Bg7 4.Bg2 O-O 5.O-O c5 6.d3 Nc6 7.Nc3 a6 8.h3 Rb8
9.e4 d6 10.Be3 b5 11.Qd2 bxc4 12.dxc4 e5 13.Bg5 Be6 14.b3 Nd4 15.Nxd4 exd4
16.Ne2 Qc7 17.g4 Nd7 18.Nf4 Rfe8 19.Rae1 f6 20.Nxe6 Rxe6 21.Bf4 Ne5 22.Bg3 Nf7
23.f4 Re7 24.Re2 a5 25.Qc1 a4 26.Qa3 axb3 27.axb3 Qb6 28.Rb1 Ra7 29.Qc1 Qa6
30.Kh1 Qa3 31.Qd1 Ra6 32.h4 h6 33.Reb2 Ra7 34.Qd3 g5 35.Qf1 gxf4 36.Bxf4 Ne5
37.Bh3 Ra6 38.g5 fxg5 39.Be6+ Kh8 40.hxg5 Rf8 41.gxh6 Bxh6 42.Rh2  1-0

[Event "Opatija Open A 2013"]
[Site "Opatija CRO"]
[Date "2013.07.01"]
[Round "3.3"]
[White "Remetic,Velimir"]
[Black "Fradkin,B"]
[Result "0-1"]
[WhiteElo "1961"]
[BlackElo "2426"]

1.Nf3 Nf6 2.c4 g6 3.g3 Bg7 4.Bg2 O-O 5.d4 c5 6.O-O Na6 7.Nc3 d6 8.b3 d5 9.cxd5 Nxd5
10.Nxd5 Qxd5 11.Be3 Qh5 12.Rc1 Rd8 13.Ng5 h6 14.Bf3 Bg4 15.Nxf7 Kxf7 16.Bxb7 Bxe2
17.Qe1 Rab8 18.Bg2 cxd4 19.Bd2 Rbc8 20.f3 Rxc1 21.Bxc1 Bxf1 22.Bxf1 Nc7 23.Bc4+ Nd5
24.Bf4 Qxf3 25.Qa5 Rd7 26.Qb5 d3 27.Qc5 Rd8  0-1

[Event "IsBank TCh-TUR 2013"]
[Site "Denizli TUR"]
[Date "2013.07.02"]
[Round "4.5"]
[White "Goksel,D"]
[Black "Yurtseven,C"]
[Result "0-1"]
[WhiteElo "2242"]
[BlackElo "2299"]

1.Nf3 Nf6 2.c4 g6 3.g3 Bg7 4.Bg2 O-O 5.O-O d5 6.cxd5 Nxd5 7.d4 c6 8.Nc3 Na6
9.e4 Nb6 10.h3 Be6 11.Ne2 Qc8 12.Kh2 Rd8 13.Bg5 Rd7 14.b3 f5 15.Nf4 Nc7 16.Nxe6 Nxe6
17.exf5 Nxg5 18.Nxg5 Rxd4 19.Qe2 Qxf5 20.h4 Qe5 21.Ne4 Rad8 22.Rae1 h6 23.Qc2 Qf5
24.Bh3 Qf3 25.Re3 Qf8 26.Re2 Nd5 27.Nc5 Nf4 28.gxf4 Qxf4+ 29.Kg2 Rf8 30.Re3 Be5
31.Qxg6+ Kh8 32.Rg3 Rd2 33.Nd3 Qxg3+ 34.Qxg3 Bxg3  0-1

[Event "VIII Wroclaw Open A 2013"]
[Site "Wroclaw POL"]
[Date "2013.07.02"]
[Round "2.18"]
[White "Lada,D"]
[Black "Piotrowski,P"]
[Result "0-1"]
[WhiteElo "1647"]
[BlackElo "2036"]

1.c4 Nf6 2.g3 g6 3.Bg2 Bg7 4.Nf3 O-O 5.O-O c5 6.Nc3 Nc6 7.d3 a6 8.Bg5 d6
9.Rb1 Rb8 10.Ne1 Bd7 11.Qc1 Re8 12.Bh6 Bh8 13.Nc2 Nd4 14.Nxd4 cxd4 15.Ne4 Nxe4
16.Bxe4 Bc6 17.Bxc6 bxc6 18.c5 d5 19.Bd2 e5 20.e3 e4 21.dxe4 Rxe4 22.b3 Qd7
23.Re1 Rbe8 24.Qa3 dxe3 25.Rxe3 Rxe3 26.Bxe3 d4 27.Bf4 g5 28.Bd6 Qf5 29.Qc1 Re2
30.Qf1 d3 31.Re1 Qf3 32.Rxe2 dxe2 33.Qe1 Bc3  0-1

[Event "Klatov Open A 2013"]
[Site "Klatovy CZE"]
[Date "2013.07.04"]
[Round "6.21"]
[White "Svec,L"]
[Black "Chmel,K"]
[Result "1/2-1/2"]
[WhiteElo "1767"]
[BlackElo "2012"]

1.Nf3 Nf6 2.c4 g6 3.g3 Bg7 4.Bg2 O-O 5.O-O d5 6.d4 dxc4 7.Nbd2 Nfd7 8.Nxc4 Nb6
9.Nce5 N8d7 10.b3 c5 11.Bb2 cxd4 12.Bxd4 f6 13.Nxd7 Nxd7 14.Rc1 e5 15.Bb2 Qa5
16.Bc3 Qa6  1/2-1/2

[Event "6th ch-Cent SRB Int 2013"]
[Site "Paracin SRB"]
[Date "2013.07.05"]
[Round "1.47"]
[White "Radovanovic,Mihajlo"]
[Black "Popovic,AM"]
[Result "0-1"]
[WhiteElo "1878"]
[BlackElo "2278"]

1.Nf3 Nf6 2.c4 g6 3.g3 Bg7 4.Bg2 O-O 5.O-O d6 6.d4 Nc6 7.Nc3 Bf5 8.d5 Na5
9.Nd2 c5 10.e4 Bd7 11.Qc2 a6 12.h3 b5 13.f4 Qc7 14.Ne2 Rab8 15.Rb1 e6 16.e5 dxe5
17.fxe5 Qxe5 18.Nf3 Qf5 19.Qxf5 exf5 20.Bf4 Rbe8 21.Nc3 Nxc4 22.b3 Nh5 23.bxc4 Nxf4
24.gxf4 Bxc3 25.Rfc1 b4 26.a3 a5 27.Rxc3 bxc3 28.Rc1 f6 29.Rxc3 Ba4 30.Kh2 Re2
31.Kg3 Rfe8 32.Rc1 R8e3 33.Rb1 g5 34.Bf1 Ra2 35.Rb7 Raxa3 36.Bg2 Bd1 37.d6 Bxf3
38.Rb8+ Kg7 39.d7 Bc6+ 40.Kf2 Bxd7  0-1

[Event "St. Pauli Open 2013"]
[Site "Hamburg GER"]
[Date "2013.07.06"]
[Round "1.4"]
[White "Richter,Stephan"]
[Black "Gutman,L"]
[Result "0-1"]
[WhiteElo "2033"]
[BlackElo "2455"]

1.Nf3 Nf6 2.c4 g6 3.g3 Bg7 4.Bg2 O-O 5.Nc3 d5 6.cxd5 Nxd5 7.Qb3 Nb6 8.O-O Nc6
9.d3 Be6 10.Qa3 a5 11.Be3 Nd5 12.Nxd5 Bxd5 13.Rac1 Nb4 14.b3 b6 15.Nd2 Bxg2
16.Kxg2 c5 17.Rc4 Qd7 18.Rfc1 a4 19.Rxb4 axb3 20.Qxb3 cxb4 21.Rc4 Qd5+ 22.f3 b5
23.Rxb4 Qxb3 24.Nxb3 Rxa2 25.Kf2 Rb8 26.d4 Ra4 27.Bd2 e6 28.e3 Bf8 29.Nc5 Bxc5
30.dxc5 Rxb4 31.Bxb4 Kf8 32.c6+ Ke8 33.Ke2 Rc8  0-1

[Event "3rd SPAChess Open"]
[Site "Amsterdam NED"]
[Date "2013.07.07"]
[Round "2.7"]
[White "Lai,Hing Ting"]
[Black "Afek,Y"]
[Result "1/2-1/2"]
[WhiteElo "2136"]
[BlackElo "2313"]

1.c4 Nf6 2.Nf3 g6 3.g3 Bg7 4.Bg2 O-O 5.O-O d6 6.d4 c5 7.b3 cxd4 8.Nxd4 d5
9.cxd5 Nxd5 10.Bb2 e5 11.Nf5 Bxf5 12.Qxd5 Qxd5 13.Bxd5 Nc6 14.Bxc6 bxc6 15.Nd2 Rfd8
16.Nc4 f6 17.Rad1 Bf8 18.Na5 c5 19.Ba3 Rac8 20.f3 Kf7 21.Kf2 h5 22.Nb7 Rxd1
23.Rxd1 Rc7 24.Nd6+ Bxd6 25.Rxd6 Bb1 26.Ra6 Bxa2 27.Bxc5 Bxb3 28.Rxa7  1/2-1/2

[Event "Styrian Open A 2013"]
[Site "Bad Gleichenberg AUT"]
[Date "2013.07.07"]
[Round "2.6"]
[White "Schreiner,Pe"]
[Black "Wittmann,W"]
[Result "1/2-1/2"]
[WhiteElo "2447"]
[BlackElo "2224"]

1.Nf3 Nf6 2.c4 g6 3.g3 Bg7 4.Bg2 O-O 5.O-O d6 6.Nc3 Nc6 7.d4 Na5 8.b3 Bd7
9.Bb2 a6 10.Nd2 c5 11.d5 b5 12.Qc2 Rb8 13.Rab1 Qc8 14.e4 Bh3 15.Ne2 Bxg2
16.Kxg2 e6 17.Nf4 exd5 18.exd5 Qd7 19.Bc3 b4 20.Bb2 Rfe8 21.a3 Nb7 22.axb4 cxb4
23.Nf3 a5 24.Nd4 Ra8 25.Nc6 Nd8 26.Nd4 Nb7 27.Ra1 Ne4 28.h4 Bh6 29.Nd3 Bg7
30.h5 Qg4 31.hxg6 hxg6 32.Nf4 Nec5 33.Rh1 Qd7 34.Rh3 Ne4 35.Rhh1 Nbc5 36.Rae1 a4
37.bxa4 Rxa4 38.Qb1 Raa8 39.Nc6 Nc3 40.Rxe8+ Rxe8 41.Qg1 Qf5  1/2-1/2

[Event "IsBank TCh-TUR 2013"]
[Site "Denizli TUR"]
[Date "2013.07.07"]
[Round "10.2"]
[White "Benidze,D"]
[Black "Agamaliev,G"]
[Result "1-0"]
[WhiteElo "2495"]
[BlackElo "2512"]

1.Nf3 Nf6 2.c4 g6 3.g3 Bg7 4.Bg2 O-O 5.O-O c6 6.d4 d5 7.b3 a5 8.Nc3 Ne4 9.Bb2 Bf5
10.Ne5 Nxc3 11.Bxc3 Qc7 12.Rc1 Rd8 13.cxd5 cxd5 14.Bb2 Qb6 15.Ba3 Bf8 16.g4 Be6
17.e3 Na6 18.f4 f6 19.Nd3 Bf7 20.Qd2 Rac8 21.Bf3 Kg7 22.h4 Rxc1 23.Rxc1 h6
24.Kf2 Qb5 25.Be2 Qb6 26.Rg1 Nc7 27.Bc5 Qc6 28.Qxa5 Ra8 29.Qd2 Ne8 30.Bf3 b6
31.Bb4 Qd7 32.a4 Rc8 33.Rc1 Rxc1 34.Qxc1 h5 35.Qg1 Kh8 36.g5 Bg7 37.Ke2 Kh7
38.Kd2 Be6 39.Qc1 Bf7 40.Be2 Nc7 41.a5 bxa5 42.Bxa5 Ne8 43.Bb4 Kg8 44.Qa3 Bf8
45.Bc5 Qh3 46.Bxe7 Bxe7 47.Qxe7 Ng7 48.Qd8+ Kh7 49.Qxf6 Be8 50.Qe7 Bb5 51.Qb7 Bxd3
52.Bxd3 Qh2+ 53.Kc3 Qxh4 54.Qa6 Qe1+ 55.Kb2 Qd2+ 56.Ka3 Qc1+ 57.Ka4 Nf5 58.Qb7+ Ng7
59.Qb6 Nf5 60.Bxf5 gxf5 61.Qh6+ Kg8 62.Qe6+ Kg7 63.Qe5+ Kg6 64.Qf6+ Kh7 65.Qxf5+ Kg7
66.Qf6+ Kg8 67.Qe6+ Kg7 68.f5 Qc7 69.f6+  1-0

[Event "36th Barbera Open"]
[Site "Barbera del Valles ESP"]
[Date "2013.07.08"]
[Round "5.14"]
[White "Valdes,Le"]
[Black "Gonzalez Fuente,C"]
[Result "1/2-1/2"]
[WhiteElo "2444"]
[BlackElo "2269"]

1.Nf3 Nf6 2.g3 g6 3.Bg2 Bg7 4.c4 O-O 5.O-O d6 6.Nc3 e5 7.d3 a5 8.a3 Na6 9.Rb1 Nc5
10.b4 axb4 11.axb4 Ne6 12.Bb2 Nh5 13.Ra1 Rxa1 14.Qxa1 f5 15.b5 g5 16.Nd2 g4
17.Qa8 b6 18.Bb7 Bxb7 19.Qxb7 Nc5 20.Qd5+ Kh8 21.Ra1 Bh6 22.Ncb1 f4 23.Ne4 fxg3
24.hxg3 Be3 25.fxe3 Nxe4 26.Qxe4 Rf1+ 27.Kh2 Rf2+ 28.Kg1 Rf1+ 29.Kh2 Rf2+  1/2-1/2

[Event "6th ch-Cent SRB Int 2013"]
[Site "Paracin SRB"]
[Date "2013.07.09"]
[Round "5.40"]
[White "Radovanovic,Mihajlo"]
[Black "Popovic,Milan S"]
[Result "1-0"]
[WhiteElo "1878"]
[BlackElo "2212"]

1.Nf3 Nf6 2.c4 g6 3.g3 Bg7 4.Bg2 O-O 5.O-O d6 6.d4 Nc6 7.Nc3 Bf5 8.d5 Na5
9.Nd4 Bd7 10.b3 c5 11.Nc2 a6 12.Qd3 Rb8 13.Rb1 b5 14.Bd2 Qc7 15.h3 e5 16.dxe6 Bxe6
17.cxb5 c4 18.bxc4 Bxc4 19.Qf3 Bxb5 20.Nb4 Bc4 21.Nbd5 Nxd5 22.Nxd5 Qc5 23.Nf6+ Bxf6
24.Qxf6 Nc6 25.Bxc6 Qxc6 26.Bc3  1-0

[Event "6th ch-Cent SRB Int 2013"]
[Site "Paracin SRB"]
[Date "2013.07.09"]
[Round "5.39"]
[White "Tisma,I"]
[Black "Dimic,P"]
[Result "0-1"]
[WhiteElo "2096"]
[BlackElo "2218"]

1.Nf3 Nf6 2.c4 g6 3.g3 Bg7 4.Bg2 O-O 5.O-O d6 6.d4 Nc6 7.Nc3 Rb8 8.Bd2 Bg4
9.Be3 a6 10.Rc1 e5 11.dxe5 dxe5 12.h3 Be6 13.Bc5 Re8 14.b3 Bh6 15.Qxd8 Rbxd8
16.Rcd1 Nd7 17.Ba3 f5 18.Nd5 e4 19.Ne1 Bxd5 20.cxd5 Nce5 21.Nc2 Nf6 22.d6 c6
23.f3 exf3 24.exf3 Nf7 25.Rf2 Nd5 26.f4 Nxd6 27.Bxd5+ cxd5 28.Rxd5 Ne4 29.Rxd8 Rxd8
30.Rg2 Rd3 31.Bb2 Rxg3 32.Be5 Rxh3 33.Nd4 Rg3 34.Ne6 Rxg2+ 35.Kxg2 Bf8 36.Kf3 Be7
37.Nd4 Kf7 38.Nc2 Bd6 39.Bd4 h6 40.Ne3 Ke6 41.Bg7 g5 42.Bxh6 Bxf4 43.Nc2 Be5
44.Ne3 Bd4 45.Nc2 Bc5 46.Ne1 Kf6 47.Nd3 Bd6  0-1

[Event "6th d'Ille et Vilaine 2013"]
[Site "Rennes FRA"]
[Date "2013.07.09"]
[Round "5.9"]
[White "Adrian,C"]
[Black "Lechartre,Victorien"]
[Result "1-0"]
[WhiteElo "2221"]
[BlackElo "1669"]

1.Nf3 Nf6 2.c4 g6 3.g3 Bg7 4.Bg2 O-O 5.d4 d6 6.O-O Nc6 7.d5 Na5 8.Nfd2 c5
9.Nc3 a6 10.Rb1 Ng4 11.Qc2 Ne5 12.b3 Rb8 13.h3 f5 14.f4 Nd7 15.Bb2 b5 16.Nd1 bxc4
17.Bxg7 Kxg7 18.bxc4 Rxb1 19.Nxb1 Qb6 20.Ne3 Nf6 21.Nd2 Bd7 22.Rb1 Qc7 23.Qb2 Kf7
24.Bf3 h5 25.Ng2 Ra8 26.Nh4 Rg8 27.Kh1 Ra8 28.Qc3 Rg8 29.e4 fxe4 30.Nxe4 Nxe4
31.Bxe4 g5 32.fxg5 Rxg5 33.Qh8 e5 34.Rf1+  1-0

[Event "6th d'Ille et Vilaine 2013"]
[Site "Rennes FRA"]
[Date "2013.07.10"]
[Round "7.4"]
[White "Petre,NT"]
[Black "Milchev,N"]
[Result "0-1"]
[WhiteElo "2371"]
[BlackElo "2433"]

1.Nf3 Nf6 2.c4 g6 3.g3 Bg7 4.Bg2 O-O 5.O-O d6 6.d4 Nc6 7.Nc3 a6 8.Bf4 Nd7
9.Be3 Rb8 10.Rc1 h6 11.Qd2 Kh7 12.h3 e5 13.dxe5 Ndxe5 14.Nd5 Nxf3+ 15.exf3 Be6
16.f4 Qd7 17.Rfd1 Bxh3 18.Bxh3 Qxh3 19.Nxc7 Ne7 20.Bd4 Bxd4 21.Qxd4 Nf5 22.Qe4 h5
23.Rc3 Kg7 24.Qf3 Rbc8 25.Nd5 Rfe8 26.Ne3 Nxe3 27.fxe3 h4 28.e4 hxg3 29.Qxg3 Qxg3+
30.Rxg3 Rxe4 31.f5 Rcxc4 32.Rxd6 Re2 33.Rd1 Rxb2 34.a3 Rf4 35.fxg6 fxg6 36.Rd6 Rf6
37.Rd7+ Kh6 38.Rd5 Rfb6 39.Rh3+ Kg7 40.Rd7+ Kf6 41.Rf3+ Ke6 42.Rdd3 R6b5
43.Rg3 g5 44.Rde3+ Kf6 45.Rd3 Rc2 46.Rgf3+ Kg6 47.Rf1  0-1

[Event "ch-BEL Open 2013"]
[Site "Antwerp BEL"]
[Date "2013.07.11"]
[Round "6.27"]
[White "Ooghe,J"]
[Black "Tuerlinckx,Ben"]
[Result "1-0"]
[WhiteElo "1832"]
[BlackElo "1964"]

1.c4 Nf6 2.Nf3 g6 3.g3 Bg7 4.Bg2 O-O 5.O-O d6 6.Nc3 Nc6 7.d3 a6 8.Bd2 Rb8
9.a4 e5 10.Rb1 Nd4 11.b4 b5 12.axb5 axb5 13.Nxd4 exd4 14.Nxb5 Nd7 15.Na7 Bb7
16.Nc6 Bxc6 17.Bxc6 Ne5 18.Bg2 Qe7 19.Ra1 Rfe8 20.Ra7 Ng4 21.Bf3 h5 22.b5 Ne5
23.Bg2 h4 24.Ba5 hxg3 25.hxg3 Bh6 26.Rxc7 Qf6 27.Bd5 Rf8 28.Kg2 Rbe8 29.Bb4 Ng4
30.Rc6 Bf4 31.Bf3 Ne5 32.Rxd6 Qg5 33.Rxd4 Nxf3 34.exf3  1-0

[Event "EY Girls Teams 2013"]
[Site "Maribor SLO"]
[Date "2013.07.11"]
[Round "6"]
[White "Varga,Me"]
[Black "Iwanow,A"]
[Result "0-1"]
[WhiteElo "2216"]
[BlackElo "2227"]

1.Nf3 Nf6 2.c4 g6 3.g3 Bg7 4.Bg2 O-O 5.d4 d6 6.Nc3 Nbd7 7.O-O e5 8.e3 Re8
9.a4 a5 10.b3 exd4 11.exd4 Ne4 12.Nxe4 Rxe4 13.Ra2 Nf6 14.Bg5 Re8 15.Re1 Be6
16.Rd2 h6 17.Bf4 g5 18.Be3 Ng4 19.Rde2 Nxe3 20.fxe3 Qd7 21.Qd3 Re7 22.Nd2 Bf5
23.e4 Bg6 24.Nb1 c6 25.Nc3 Rae8 26.Kh1 Qc7 27.Qd2 Qb6 28.Re3 Bxd4 29.Rd3 Bg7
30.Rb1 Qb4 31.Rd1 Kh7 32.Bf3 Qb6 33.Kg2 Re6 34.Qc2 Qb4 35.Bg4 Re5 36.Rxd6 Rxe4
37.Nxe4 Bxe4+ 38.Qxe4+ Rxe4 39.Bf5+ Kg8 40.Rd8+ Bf8 41.Bxe4 Qxb3 42.Bf3 Qxc4
43.R8d4 Qe6 44.Bh5 Bc5 45.Rd8+ Kg7 46.R8d7 Qe4+ 47.Bf3 Qxa4 48.R1d2 g4 49.Bd1 Qe4+
50.Kf1 Qh1+ 51.Ke2 Bb4 52.Bb3 Qf3+  0-1

[Event "6th ch-Cent SRB Int 2013"]
[Site "Paracin SRB"]
[Date "2013.07.11"]
[Round "8.40"]
[White "Tadic,Ka"]
[Black "Popovic,Milan S"]
[Result "1-0"]
[WhiteElo "2069"]
[BlackElo "2212"]

1.Nf3 Nf6 2.c4 g6 3.g3 Bg7 4.Bg2 O-O 5.O-O d6 6.d4 Nc6 7.Nc3 Bf5 8.d5 Na5
9.Nd4 Bd7 10.b3 c5 11.Nc2 a6 12.Qd3 Rb8 13.Rb1 b5 14.Bd2 Qc7 15.h3 b4 16.Nd1 e6
17.dxe6 fxe6 18.Bf4 Rb6 19.e4 Nh5 20.Bc1 Nc6 21.Nde3 Ne5 22.Qe2 Bc6 23.Rd1 Ba8
24.Bb2 Qf7 25.Bxe5 Bxe5 26.Ng4 Bg7 27.Rd3 Nf6 28.Rbd1 Nxg4 29.hxg4 Qe7 30.Qd2 Bc3
31.Qe3 e5 32.g5 Bd4 33.Nxd4 exd4 34.Qd2 Rbb8 35.Re1 Rbe8 36.f4 Qg7 37.g4 Qf7
38.f5 Qe7 39.Rh3 gxf5 40.gxf5 Rxf5 41.Rg3 Re5 42.g6 Qh4 43.Qf2 Qe7 44.Qf4 h5
45.g7 Kh7 46.Bh3 Bxe4 47.Rxe4 Rxe4 48.g8=Q+ Rxg8 49.Bf5+  1-0

[Event "6th d'Ille et Vilaine 2013"]
[Site "Rennes FRA"]
[Date "2013.07.12"]
[Round "9.2"]
[White "Adrian,C"]
[Black "Milchev,N"]
[Result "1/2-1/2"]
[WhiteElo "2221"]
[BlackElo "2433"]

1.Nf3 Nf6 2.c4 g6 3.g3 Bg7 4.Bg2 O-O 5.d4 d6 6.O-O Nc6 7.Nc3 a6 8.d5 Na5
9.Nd2 c5 10.Qc2 Rb8 11.b3 b5 12.Rb1 e5 13.cxb5 axb5 14.b4 cxb4 15.Rxb4 Qc7
16.Qd3 Bf5 17.Nce4 Nxe4 18.Bxe4 Bh3 19.Bg2 Bf5 20.Be4 Bh3  1/2-1/2

[Event "Styrian Open A 2013"]
[Site "Bad Gleichenberg AUT"]
[Date "2013.07.13"]
[Round "8.9"]
[White "Handler,L"]
[Black "Schachinger,M"]
[Result "1/2-1/2"]
[WhiteElo "2403"]
[BlackElo "2401"]

1.Nf3 Nf6 2.g3 g6 3.c4 Bg7 4.Bg2 O-O 5.O-O d6 6.d4 c6 7.Nc3 a6 8.b3 Nbd7
9.Bb2 Rb8 10.Nd2 Ne8 11.e3 c5 12.d5 b5 13.Qc2 e5 14.dxe6 fxe6 15.Rad1 Qe7
16.Ba1 Bb7 17.Nde4 Ndf6 18.Qd3 Nxe4 19.Bxe4 bxc4 20.bxc4 Bxe4 21.Qxe4 Qf7
22.Qd3 Qf3 23.Rd2 Rf5 24.Qe4 Qxe4 25.Nxe4 Bf8 26.Bc3 h6 27.Kg2 Rf7 28.h4 Rfb7
29.g4 Rb1 30.Rdd1 Rxd1 31.Rxd1 Kf7 32.f4 Be7 33.h5 gxh5 34.gxh5 Rb6 35.Kf3 Ng7
36.Bxg7 Kxg7 37.Rg1+ Kf7 38.Rg6 Bf8 39.f5 exf5 40.Ng3 Rb2 41.Nxf5 Rxa2 42.Nxd6+ Bxd6
43.Rxd6 Rc2 44.Rxa6 Rxc4 45.Rxh6 Rh4 46.Ke2 c4 47.Kd2 Rh2+ 48.Kc3 Re2 49.Kd4 c3
50.Rc6 c2 51.Kd3 Rh2 52.Rxc2 Rxh5 53.Rc6 Ke7 54.Kd4 Rg5 55.Ra6 Rh5 56.e4 Rg5
57.Ra7+ Ke6 58.Ra6+ Ke7 59.e5 Rg1 60.Kd5 Rd1+  1/2-1/2

[Event "Universiade Men"]
[Site "Kazan RUS"]
[Date "2013.07.14"]
[Round "8.20"]
[White "Anton,T"]
[Black "Kantans,T"]
[Result "1-0"]
[WhiteElo "2438"]
[BlackElo "2343"]

1.Nf3 Nf6 2.c4 g6 3.g3 Bg7 4.Bg2 O-O 5.O-O d5 6.cxd5 Nxd5 7.d4 Nc6 8.e4 Nb6
9.d5 Na5 10.Qe1 Nac4 11.Nc3 e6 12.b3 Ne5 13.Nxe5 Bxe5 14.dxe6 Bxe6 15.Be3 Qd3
16.Rc1 c6 17.Ne2 Bg4 18.Nf4 Bxf4 19.Bxf4 Be2 20.Rc3 Qa6 21.Re3 Bxf1 22.Bxf1 Qxa2
23.Qc3 f6 24.Bd6 Rad8 25.Re2 Qxe2 26.Bxe2 Rxd6 27.Qa5 Rd7 28.Bg4 Re7 29.Qxa7 Rxe4
30.Qxb6 Rxg4 31.f4 g5 32.Qe3 Kf7 33.Qf3 h5 34.h3 gxf4 35.hxg4 fxg3 36.gxh5 Rg8
37.Qf5 Rg5 38.Qd7+ Kg8 39.Qxb7 c5 40.Qe7  1-0

[Event "17th Battle of Senta"]
[Site "Senta SRB"]
[Date "2013.07.14"]
[Round "3.2"]
[White "Balog,I1"]
[Black "Stankovic,Milo"]
[Result "0-1"]
[WhiteElo "2547"]
[BlackElo "2396"]

1.Nf3 Nf6 2.g3 g6 3.Bg2 Bg7 4.c4 O-O 5.O-O d6 6.d4 Nc6 7.Nc3 Rb8 8.Bg5 a6
9.Rc1 Bd7 10.Qd2 b5 11.d5 Na5 12.cxb5 axb5 13.Bxf6 Nc4 14.Qf4 Bxf6 15.b3 Nb6
16.Qd2 b4 17.Nd1 Ra8 18.Re1 Ra5 19.e4 Qa8 20.Rc2 Rc8 21.e5 Rxd5 22.Qxb4 dxe5
23.Nc3 Bf5 24.Rcc1 e4 25.Nxe4 Bxe4 26.Qxe4 Qxa2 27.b4 c5 28.g4 cxb4 29.Rxc8+ Nxc8
30.Qxb4 Nd6 31.h4 Rb5 32.Qf4 Rb1 33.Rxb1 Qxb1+ 34.Bf1 h5 35.g5 Bg7 36.Kg2 Nf5
37.Qc4 Qb7 38.Be2 e5 39.Kg1 e4 40.Nd2 Bd4 41.Qb5 Qe7 42.Kf1 Bxf2 43.Kxf2 e3+
44.Ke1 exd2+ 45.Kxd2 Qe3+ 46.Kd1 Qd4+ 47.Bd3 Nxh4 48.Kc2 Nf3 49.Bxg6 Qd2+
50.Kb1 Qe1+ 51.Ka2 Qe6+  0-1

[Event "FSFMA July 2013"]
[Site "Budapest HUN"]
[Date "2013.07.15"]
[Round "10.6"]
[White "Resika,N"]
[Black "Kertesz,Z"]
[Result "1-0"]
[WhiteElo "2186"]
[BlackElo "2084"]

1.Nf3 Nf6 2.c4 g6 3.g3 Bg7 4.Bg2 O-O 5.O-O d6 6.Nc3 Nc6 7.d3 e5 8.Rb1 a5
9.a3 h6 10.b4 axb4 11.axb4 Be6 12.b5 Ne7 13.Qb3 Qc8 14.Ba3 Nd7 15.b6 c5 16.Nb5 d5
17.Nd2 Nxb6 18.Nd6 Qc6 19.Nxb7 Qxb7 20.Bxc5 Rab8 21.Bd6 Qd7 22.Bxb8 Rxb8
23.c5 Nc6 24.cxb6 Nd4 25.Qd1 Nb5 26.Qc1 Rxb6 27.Qc5 Rb8 28.Rfc1 Bf8 29.Qc6 Nd4
30.Qxd7 Rxb1 31.Rxb1 Bxd7 32.e3 Ne2+ 33.Kf1 Nc3 34.Rb3 d4 35.Ne4 Nd5 36.exd4 exd4
37.Nc5 Bc6 38.Nd7 Be7 39.Ne5  1-0

[Event "28th Gniot Mem 2013"]
[Site "Police POL"]
[Date "2013.07.15"]
[Round "6.13"]
[White "Weber,Max2"]
[Black "Jacek,K"]
[Result "1/2-1/2"]
[WhiteElo "2108"]
[BlackElo "2139"]

1.Nf3 Nf6 2.c4 g6 3.g3 Bg7 4.Bg2 O-O 5.Nc3 d6 6.O-O c5 7.a3 Nc6 8.Rb1 Bf5
9.d3 Qd7 10.b4 Bh3 11.b5 Nd4 12.e3 Bxg2 13.Kxg2 Ne6 14.Bb2 Rad8 15.Nd5 Nxd5
16.cxd5 Nc7 17.Bxg7 Kxg7 18.Qb3 e6 19.b6 Nxd5 20.bxa7 Ra8 21.e4 Ne7 22.Qb6 Rfc8
23.e5 Rc6 24.Qxb7 Rxa7 25.Qxd7 Rxd7 26.exd6  1/2-1/2

[Event "Czech Open G1 Rapid 2013"]
[Site "Pardubice CZE"]
[Date "2013.07.17"]
[Round "3.34"]
[White "Karavade,E"]
[Black "Tappyrov,V"]
[Result "1-0"]
[WhiteElo "2398"]
[BlackElo "2231"]

1.Nf3 Nf6 2.c4 g6 3.g3 Bg7 4.Bg2 O-O 5.d4 d6 6.Nc3 c6 7.O-O Qa5 8.e4 Qh5
9.Ng5 Qxd1 10.Rxd1 h6 11.Nf3 Nbd7 12.h3 c5 13.Be3 cxd4 14.Nxd4 Nc5 15.Rac1 Ne6
16.Nde2 Bd7 17.Nd5 Rfe8 18.b3 Bc6 19.Nxf6+ Bxf6 20.Bxh6 g5 21.f4 Kh7 22.Bxg5 Nxg5
23.fxg5 Bxg5 24.Rc3 a5 25.Nd4 Bf6 26.a4 Rg8 27.Kf2 Be5 28.Rcd3 Rg6 29.Nf5 Rf6
30.Kg1 Re8 31.g4 Rg6 32.Kf2 Rf6 33.Ke2 Rg6 34.Bf3 Bf4 35.h4 Re6 36.Nd4 Re5
37.Nxc6 bxc6 38.Rb1 Rb8 39.Rdd1 f6 40.Kf2 Rc5 41.Be2 Bh6 42.Kf3 Kg7 43.Bd3 Kf7
44.Bc2 Re5 45.Rd4 Ke6 46.Rbd1 Rb4 47.R4d3 Rb8 48.Rc3 Rc5 49.Bd3 Rg8 50.Bf1 Rb8
51.Bh3 Kf7 52.Rcd3 Kg6 53.Bg2 Kf7 54.Kg3 Re5 55.Rc3 Rc5 56.e5 dxe5 57.Be4 Bf4+
58.Kf3 Rb7 59.Rd8 Rb6 60.Rcd3 Bh6 61.Rc8 Ke6 62.Rh8 Bf4 63.Bf5+ Kf7 64.Rh7+  1-0

[Event "7th LCT 2013"]
[Site "Leiden NED"]
[Date "2013.07.18"]
[Round "6.23"]
[White "Blankert,Willem"]
[Black "Roorda,T"]
[Result "0-1"]
[WhiteElo "2010"]
[BlackElo "2088"]

1.Nf3 Nf6 2.c4 g6 3.g3 Bg7 4.Bg2 O-O 5.Nc3 d5 6.cxd5 Nxd5 7.d4 Nb6 8.O-O Nc6
9.d5 Na5 10.Bf4 Nac4 11.Qc2 Nxb2 12.Rab1 N2c4 13.Nb5 Nd6 14.e4 Bd7 15.Nxc7 Rc8
16.Bxd6 exd6 17.Rfc1 Ba4  0-1

[Event "Czech Open G1 Rapid 2013"]
[Site "Pardubice CZE"]
[Date "2013.07.18"]
[Round "6.23"]
[White "Harika,D"]
[Black "Vastrukhin,O"]
[Result "0-1"]
[WhiteElo "2489"]
[BlackElo "2360"]

1.Nf3 Nf6 2.c4 g6 3.g3 Bg7 4.Bg2 O-O 5.O-O c6 6.d4 d5 7.b3 Bf5 8.Bb2 Nbd7
9.Nc3 Ne4 10.e3 Ndf6 11.Qe2 Nxc3 12.Bxc3 Ne4 13.Bb2 a5 14.Ne5 a4 15.f3 Nd6
16.e4 Be6 17.exd5 cxd5 18.c5 Nf5 19.b4 a3 20.Bc3 Bxe5 21.Qxe5 Qd7 22.Rfe1 Qb5
23.Bf1 Qa4 24.Bd3 Rfe8 25.Rab1 Ng7 26.Qe2 Qa7 27.Rb3 Qb8 28.Bd2 Qc7 29.Bf4 Qc8
30.g4 Bd7 31.Bh6 Ne6 32.Qe5 Qc7 33.Qxc7 Nxc7 34.b5 Ra4 35.Rc1 Ne6 36.c6 bxc6
37.bxc6 Bc8 38.Be3 Nxd4 39.Bxd4 Rxd4 40.c7 e5 41.Bb5 Rf8 42.Rxa3 Kg7 43.Ba6 Kf6
44.Bb5 Ke7 45.Re3 e4 46.g5 Kd6 47.f4 Bb7 48.a4 Rc8 49.Rec3 Rb4 50.Rc6+ Bxc6
51.Rxc6+ Ke7 52.Rc5 d4 53.Ba6 Kd7 54.Bxc8+ Kxc8 55.a5 e3 56.Kg2 d3 57.a6 d2
58.a7 Ra4 59.Rd5 Rxa7 60.Kf3 Ra1 61.Ke2 Re1+  0-1